| 000 -LEADER |
| fixed length control field |
01029cam a2200217 i 4500 |
| 003 - CONTROL NUMBER IDENTIFIER |
| control field |
OSt |
| 005 - DATE AND TIME OF LATEST TRANSACTION |
| control field |
20240703134437.0 |
| 008 - FIXED-LENGTH DATA ELEMENTS--GENERAL INFORMATION |
| fixed length control field |
120131s2012 ctua b 001 0 eng |
| 020 ## - INTERNATIONAL STANDARD BOOK NUMBER |
| International Standard Book Number |
9780300170054 (cloth : alk. paper) |
| 042 ## - AUTHENTICATION CODE |
| Authentication code |
pcc |
| 082 00 - DEWEY DECIMAL CLASSIFICATION NUMBER |
| Classification number |
720.92 |
| Edition number |
23 |
| 100 1# - MAIN ENTRY--PERSONAL NAME |
| Personal name |
Lawrence, Amanda Reeser. |
| 245 10 - TITLE STATEMENT |
| Title |
James Stirling : |
| Remainder of title |
revisionary modernist / |
| Statement of responsibility, etc |
Amanda Reeser Lawrence. |
| 300 ## - PHYSICAL DESCRIPTION |
| Extent |
ix, 237 pages : |
| Other physical details |
illustrations ; |
| Dimensions |
27 cm |
| 504 ## - BIBLIOGRAPHY, ETC. NOTE |
| Bibliography, etc |
Includes bibliographical references and index. |
| 505 0# - FORMATTED CONTENTS NOTE |
| Formatted contents note |
Rationalizing Jaoul: Ham Common (1958) -- Discovering history: Churchill College (1959) -- An "expressive" functionalism: Leicester Engineering Building (1963) -- One enormous gesture: Florey Building (1941) -- Recollecting forward: Düsseldorf (1975)-- The remains of modernism: Roma Interrotta (1978). |
| 600 10 - SUBJECT ADDED ENTRY--PERSONAL NAME |
| Personal name |
Stirling, James |
| Fuller form of name |
(James Frazer) |
| General subdivision |
Criticism and interpretation. |
| 650 #0 - SUBJECT ADDED ENTRY--TOPICAL TERM |
| Topical term or geographic name as entry element |
Modern movement (Architecture) |
| 700 12 - ADDED ENTRY--PERSONAL NAME |
| Personal name |
Stirling, James |
| Fuller form of name |
(James Frazer) |
| Title of a work |
Works. |
| Form subheading |
Selections. |
| 942 ## - ADDED ENTRY ELEMENTS (KOHA) |
| Source of classification or shelving scheme |
|